| 000 | 00970nas a2200313 4500 | ||
|---|---|---|---|
| 001 | BR0804939 | ||
| 003 | BR-BrBNA | ||
| 005 | 20231205112354.0 | ||
| 007 | ta | ||
| 008 | 230509b bl.|||p| |||| 00| 00por d | ||
| 040 |
_aBR-BrBNA _bpor _cBiblioteca Nacional de Agricultura |
||
| 041 | _a(Pt) | ||
| 072 | _aH60 | ||
| 100 | 1 | _aMiranda, G.R.B. | |
| 100 | 1 | _aGuimarâes, R.J. | |
| 100 | 1 | _aCampos, V.P. | |
| 100 | 1 | _aBotrel, E.P. | |
| 100 | 1 | _aAlmeida, G.R.R. | |
| 100 | 1 | _aGonzalez, R.G. | |
| 245 | 1 | _aMétodos alternativos de desinfestação de plantas invasoras em substratos para formação de mudas de cafeeiros (Coffea arabica L.) | |
| 650 | _aCAFÉ | ||
| 650 | _aERVA DANINHA | ||
| 650 | _aBROMETO DE METILA | ||
| 650 | _aDESINFESTAÇÃO | ||
| 650 | _aSUBSTRATO DE CULTURA | ||
| 773 | 0 |
_tCoffee Science (Brazil) _xISSN 1808-6875 _g(Jul-Dec 2007), v. 2(2) p. 168-174 _wBR0804939 |
|
| 909 |
_a202311 _bLúcia _c55 _dLúcia Elande |
||
| 942 |
_2AGRIS _n0 _cANA |
||
| 999 |
_c197694 _d197694 |
||